Loading...
| Other | 0 | 2 | 0 | 0 | 20 | 85 | 100.50 | 0 | 0 |
| History - Other History | 0 | 1 | 0 | 0 | 10 | 118 | 118.00 | 0 | 1 |
| Literature - British Literature | 0 | 1 | 0 | 0 | 10 | 131 | 131.00 | 0 | 0 |
| Science - Physics | 0 | 1 | 0 | 0 | 10 | 80 | 80.00 | 0 | 1 |
| History - European History | 0 | 1 | 0 | 1 | 10 | 145 | 145.00 | 0 | 0 |
| Fine Arts - Painting & Sculpture | 0 | 1 | 0 | 1 | 10 | 153 | 153.00 | 0 | 0 |
| History - World History | 0 | 1 | 1 | 0 | 5 | 100 | 100.00 | 0 | 0 |
| Science - Other Science | 0 | 1 | 1 | 0 | 5 | 115 | 115.00 | 0 | 0 |
| Fine Arts - Other Fine Arts | 0 | 0 | 0 | 0 | 0 | 0.00 | 0 | 0 | |
| History - American History | 0 | 0 | 0 | 0 | 0 | 0.00 | 0 | 0 | |
| Literature - American Literature | 0 | 0 | 0 | 0 | 0 | 0.00 | 0 | 0 | |
| Literature - World Literature | 0 | 0 | 0 | 0 | 0 | 0.00 | 0 | 0 | |
| Religion | 0 | 0 | 0 | 0 | 0 | 0.00 | 0 | 0 | |
| Science - Biology | 0 | 0 | 0 | 0 | 0 | 0.00 | 0 | 0 | |
| Science - Chemistry | 0 | 0 | 0 | 0 | 0 | 0.00 | 0 | 0 | |
| Social Science | 0 | 0 | 3 | 0 | -15 | 0.00 | 0 | 0 |